000 01221nam a2200301 a 4500
001 ebr10041627
003 CaPaEBR
006 m u
007 cr cn|||||||||
008 010703s2002 enk sb 001 0 eng
010 _z 2001036491
020 _z0333966163
040 _aCaPaEBR
_cCaPaEBR
035 _a(OCoLC)614552842
050 1 4 _aPR468.R65
_bC76 2002eb
082 0 4 _a820.9/145
_221
100 1 _aCronin, Richard.
245 1 0 _aRomantic Victorians
_h[electronic resource] :
_bEnglish literature, 1824-1840 /
_cRichard Cronin.
260 _aHoundmills, Basingstoke, Hampshire ;
_aNew York :
_bPalgrave,
_c2002.
300 _aviii, 296 p.
504 _aIncludes bibliographical references (p. 261-288) and index.
533 _aElectronic reproduction.
_bPalo Alto, Calif. :
_cebrary,
_d2013.
_nAvailable via World Wide Web.
_nAccess may be limited to ebrary affiliated libraries.
650 0 _aEnglish literature
_y19th century
_xHistory and criticism.
650 0 _aRomanticism
_zGreat Britain.
655 7 _aElectronic books.
_2local
710 2 _aebrary, Inc.
856 4 0 _uhttp://site.ebrary.com/lib/rucke/Doc?id=10041627
_zAn electronic book accessible through the World Wide Web; click to view
999 _c59511
_d59511